000 00995cam a2200253 4500
999 _c12013
_d12013
001 3664194
003 OSt
005 20210206111641.0
008 691201s1968 ii ac b 001 0aeng
010 _a 76900180
040 _aDLC
_coclc
_dDLC
050 0 0 _aDS481.G3
_bA17 1968b
082 0 0 _a954.035
_bGAN/S
100 1 _aGandhi, Mahatma
_d1869-1948
_922
245 0 4 _aThe Selected Works of Mahatma Gandhi /
_cMahatma Gandhi ; Shriman Narayan
260 _aAhmedabad,
_bNavajivan Pub. House,
_c1968.
300 _a374p
_billus., ports.
_c22 cm.
504 _a"Sources": v. 5, p. 502-504; v. 6, p. 542-544.
505 0 _av. 1-2. An autobiography.--v. 3. Satyagraha in South Africa.--v. 4. The basic works.--v. 5. Selected letters.--v. 6. The voice of truth.
600 1 0 _aGandhi, Mahatma
_d1869-1948
_922
700 0 _aShriman Narayan,
_d1912-1978
_eed.
_9142
906 _a7
_bcbc
_corignew
_du
_encip
_f19
_gy-gencatlg
942 _2ddc
_cBK
_h954.035
_iGAN/S
_k954.035
_mGAN/S